Syntactic process (Record no. 184613)

MARC details
000 -LEADER
fixed length control field 00452nam a22001697a 4500
020 ## - INTERNATIONAL STANDARD BOOK NUMBER
ISBN 0-262-69268-6
041 ## - LANGUAGE CODE
Language code of text/sound track or separate title eng
082 ## - DEWEY DECIMAL CLASSIFICATION NUMBER
Edition number 23rd.
Classification number 415
Item number STE
100 ## - MAIN ENTRY--AUTHOR NAME
Personal name Steedman, Mark
245 ## - TITLE STATEMENT
Title Syntactic process
Statement of responsibility, etc Mark Steedman
260 ## - PUBLICATION, DISTRIBUTION, ETC. (IMPRINT)
Place of publication London
Name of publisher The MIT Press
Year of publication 2001
300 ## - PHYSICAL DESCRIPTION
Number of Pages xiv,330p.;
Dimensions 23cm.
490 ## - SERIES STATEMENT
Series statement Language, speech and communication
650 ## - SUBJECT ADDED ENTRY--TOPICAL TERM
Topical Term Grammar, Comparative and general-Syntax
942 ## - ADDED ENTRY ELEMENTS (KOHA)
Koha item type Books
Holdings
Withdrawn status Lost status Damaged status Collection code Home library Current library Shelving location Date acquired Full call number Accession Number Koha item type
      LINGUISTICS North Eastern Hill University North Eastern Hill University General Stacks 09/04/2026 415 STE 206700 Books